000 00212 a2200097 4500
001 52543
100 _aWallach, A T
245 _aWomen's Work
260 _aLondon
_bNew English Library
_c
090 _c33030
_d33030
942 _aNUST-CAE
_cM
_c25593
999 _c287616
_d287616